Progressively Pixelated Flags #3 🚩 - Statistics

General Stats
  • This quiz has been taken 436 times
  • The average score is 15 of 16
Answer Stats
Picture Answer % Correct
Bhutan
99%
Kenya
99%
Portugal
99%
Barbados
97%
Kosovo
96%
Uganda
96%
Mongolia
95%
San Marino
95%
Saint Lucia
92%
Lesotho
91%
Cape Verde
90%
Djibouti
89%
Brunei
88%
Comoros
87%
Mauritania
85%
Saint Kitts and Nevis
81%
No matching quizzes found
Score Distribution
Percent of People with Each Score
Percentile by Number Answered
Your Score History
You have not taken this quiz